50 største byer i nordiske lande på et tomt kort - Statistics

General Stats
  • This quiz has been taken 42 times
  • The average score is 17 of 50
Answers on the Map
Answers color-coded by a green-red scale on the quiz's map according to % correct below.
 
Answer Stats
by befolkning % Correct
København 644 431
97%
Oslo 699 827
97%
Stockholm 978 770
97%
Aarhus 282 910
94%
Malmö 351 749
94%
Odense 180 760
94%
Aalborg 119 219
91%
Helsinki 658 457
91%
Gøteborg 587 549
88%
Bergen 286 930
78%
Reykjavik 134 602
66%
Stavanger 144 699
63%
Trondheim 210 496
53%
Turku 195 137
47%
Helsingborg 150 109
44%
Uppsala 237 596
44%
Kristiansand 113 737
38%
Jönköping 143 579
31%
Örebro 156 987
31%
Tampere 244 223
28%
Espoo 297 132
25%
Linköping 165 527
25%
Oulu 209 551
25%
Drammen 102 273
22%
Halmstad 104 573
22%
Lund 127 376
22%
Norrköping 144 458
22%
Umeå 130 997
22%
Gävle 103 136
19%
Västerås 156 838
19%
Växjö 95 995
19%
Jyväskylä 144 473
16%
Karlstad 95 408
16%
Borås 114 091
13%
Eskilstuna 107 593
13%
Lahti 120 027
13%
Sundsvall 99,383
13%
Bærum 128 982
9%
Kuopio 121 543
9%
Södertälje 101 209
9%
Asker 96 088
6%
Kristianstad 86 641
6%
Lillestrom 89 095
6%
Vantaa 239 206
6%
Botkyrka 95 318
0%
Haninge 95 658
0%
Huddinge 113 951
0%
Kungsbacka 85 301
0%
Nacka 108 234
0%
Solna 84 187
0%
No matching quizzes found
Score Distribution
Percent of People with Each Score
Percentile by Number Answered
Your Score History
You have not taken this quiz